Four hundred days (Record no. 220964)
[ view plain ]
| 000 -LEADER | |
|---|---|
| fixed length control field | 01725nam a22002057a 4500 |
| 005 - DATE AND TIME OF LATEST TRANSACTION | |
| control field | 20220427113824.0 |
| 008 - FIXED-LENGTH DATA ELEMENTS--GENERAL INFORMATION | |
| fixed length control field | 211217b ||||| |||| 00| 0 eng d |
| 020 ## - INTERNATIONAL STANDARD BOOK NUMBER | |
| International Standard Book Number | 9781542094085 |
| 040 ## - CATALOGING SOURCE | |
| Transcribing agency | AL |
| 041 ## - LANGUAGE CODE | |
| Language code of text/sound track or separate title | eng |
| 082 ## - DEWEY DECIMAL CLASSIFICATION NUMBER | |
| Edition number | 23 |
| Classification number | 820.33 |
| Item number | BHAF |
| 100 ## - MAIN ENTRY--PERSONAL NAME | |
| Personal name | Chetan Bhagat |
| 9 (RLIN) | 11763 |
| 245 ## - TITLE STATEMENT | |
| Title | Four hundred days |
| 260 ## - PUBLICATION, DISTRIBUTION, ETC. | |
| Place of publication, distribution, etc. | Seattle |
| Name of publisher, distributor, etc. | Westland |
| Date of publication, distribution, etc. | 2021 |
| 300 ## - PHYSICAL DESCRIPTION | |
| Extent | 344p. |
| Other physical details | PB |
| Dimensions | 19.5x13cm |
| 365 ## - TRADE PRICE | |
| Source of price type code | General |
| Price type code | MLSH21CRB209 |
| Price amount | ₹200.00 |
| Currency code | ₹ |
| Unit of pricing | ₹250.00 |
| Price note | 20% |
| Price effective from | 16-12-2021 |
| 520 ## - SUMMARY, ETC. | |
| Summary, etc. | 12-year-old Siya has been missing nine months. It’s a cold case, but Keshav wants to help her mother, Alia, who refuses to give up. Welcome to 400 Days―a mystery and romance story like no other.<br/>‘My daughter Siya was kidnapped. Nine months ago,’ Alia said.<br/>The police had given up. They called it a cold case. Even the rest of her family had stopped searching.<br/>Alia wouldn’t stop looking, though. She wanted to know if I could help her.<br/>Hi, I am Keshav Rajpurohit and I am a disappointment to everyone around me. I live with my parents, who keep telling me how I should a) get married, b) focus on my IPS exams, c) meet more people and d) close my detective agency.<br/>But Alia Arora, neighbor and ex-model, wanted my help. And I couldn’t take my eyes off her face … I mean, her case.<br/>Welcome to 400 Days. A mystery and romance story like none other. An unputdownable tale of suspense, human relationships, love, friendship, the crazy world we live in and, above all, a mother’s determination to never give up.<br/>From India’s highest-selling author comes a page-turner that will not only keep you glued to the story but also touch you deeply. |
| 650 ## - SUBJECT ADDED ENTRY--TOPICAL TERM | |
| Source of heading or term | Fiction |
| Topical term or geographic name entry element | Indian literature |
| 9 (RLIN) | 11764 |
| 942 ## - ADDED ENTRY ELEMENTS (KOHA) | |
| Source of classification or shelving scheme | Dewey Decimal Classification |
| Koha item type | Book |
| Withdrawn status | Lost status | Source of classification or shelving scheme | Damaged status | Not for loan | Collection code | Home library | Current library | Date acquired | Source of acquisition | Cost, normal purchase price | Total Checkouts | Total Renewals | Full call number | Barcode | Date last seen | Date last checked out | Cost, replacement price | Price effective from | Koha item type |
|---|---|---|---|---|---|---|---|---|---|---|---|---|---|---|---|---|---|---|---|
| Dewey Decimal Classification | General | St Aloysius PG Library | St Aloysius PG Library | 12/17/2021 | Sapna Book House | 200.00 | 24 | 4 | 820.33 BHAF | PG023482 | 01/02/2026 | 12/19/2025 | 250.00 | 12/17/2021 | Book |